[Event "AUS-ch"]
[Site "Sydney"]
[Date "2020.01.05"]
[Round "4"]
[White "Ng, Clive"]
[Black "Huynh, Arthur"]
[Result "1/2-1/2"]
[WhiteElo "2061"]
[BlackElo "2136"]
[PlyCount "35"]
[EventDate "2020.01.02"]
[EventType "swiss"]
[EventRounds "11"]
[EventCountry "AUS"]
[SourceTitle "CBM 194 Extra"]
[Source "ChessBase"]
[SourceDate "2020.03.31"]
[SourceVersion "1"]
[SourceVersionDate "2020.03.31"]
[SourceQuality "1"]

1. e4 e5 2. Nf3 Nc6 3. Bb5 Nf6 4. d3 Bc5 5. Bxc6 dxc6 6. Nbd2 Qe7 7. Nc4 Nd7 8. Bd2 f6 9. Qe2 Nf8 10. 0-0-0 Be6 11. Kb1 0-0-0 12. Nh4 Qf7 13. b3 Ng6 14. Nxg6 hxg6 15. h3 g5 16. Be3 Qe7 17. Bxc5 Qxc5 18. Qe3 1/2-1/2

[Event "New South Wales op"]
[Site "Sydney"]
[Date "2018.06.10"]
[Round "3"]
[White "Ikeda, Junta"]
[Black "Huynh, Arthur"]
[Result "1-0"]
[WhiteElo "2420"]
[BlackElo "2115"]
[PlyCount "73"]
[EventDate "2018.06.09"]
[EventType "swiss"]
[EventRounds "7"]
[EventCountry "AUS"]
[SourceTitle "EXT 2019"]
[Source "ChessBase"]
[SourceDate "2018.10.10"]
[SourceVersion "1"]
[SourceVersionDate "2018.10.10"]
[SourceQuality "1"]

1. f4 Nf6 2. Nf3 b6 3. g3 Bb7 4. Bg2 e6 5. 0-0 d5 6. d3 Bd6 7. Nc3 a6 8. Qe1 Nc6 9. e4 dxe4 10. dxe4 Bc5+ 11. Kh1 Nd4 12. Nxd4 Qxd4 13. Qe2 0-0-0 14. a3 h5 15. e5 Nd5 16. Ne4 Ne3 17. Bxe3 Qxe3 18. Qxe3 Bxe3 19. Ng5 Rd7 20. Bxb7+ Kxb7 21. Rf3 Bc5 22. Rd3 Rxd3 23. cxd3 Rf8 24. Kg2 Kc8 25. Kf3 Be7 26. Ne4 Rd8 27. Ke3 a5 28. Rc1 Kb7 29. h3 c5 30. Nc3 g6 31. Nb5 Bf8 32. g4 Be7 33. gxh5 gxh5 34. Rg1 Kc6 35. a4 Rf8 36. Rg7 Kd5 37. Nc7+ 1-0

[Event "AUS-ch"]
[Site "Cammeray"]
[Date "2018.01.12"]
[Round "11"]
[White "Huynh, Arthur"]
[Black "Loh, Zachary"]
[Result "0-1"]
[WhiteElo "2042"]
[BlackElo "2193"]
[PlyCount "66"]
[EventDate "2018.01.02"]
[EventType "swiss"]
[EventRounds "11"]
[EventCountry "AUS"]
[SourceTitle "CBM 182 Extra"]
[Source "ChessBase"]
[SourceDate "2018.02.23"]
[SourceVersion "1"]
[SourceVersionDate "2018.02.23"]
[SourceQuality "1"]

1. d4 Nf6 2. c4 g6 3. Nc3 Bg7 4. g3 0-0 5. Bg2 d6 6. e4 c5 7. d5 e6 8. Nge2 exd5 9. cxd5 Na6 10. 0-0 Nc7 11. a4 b6 12. Re1 Rb8 13. h3 a6 14. Kh2 b5 15. axb5 axb5 16. f3 b4 17. Nb1 Nd7 18. Nd2 Ne5 19. Qb3 Ba6 20. Rxa6 Nxa6 21. f4 c4 22. Qa2 Nd3 23. Rf1 c3 24. bxc3 bxc3 25. Nf3 Nab4 26. Qc4 Qa5 27. Ned4 Rfc8 28. Nc6 Nxc6 29. dxc6 Nxc1 30. Rxc1 Qa3 31. Ng5 Rc7 32. Re1 Qb3 33. Qd3 Rxc6 0-1

[Event "AUS-ch"]
[Site "Cammeray"]
[Date "2018.01.11"]
[Round "10"]
[White "Huynh, Arthur"]
[Black "Brown, Andrew"]
[Result "0-1"]
[WhiteElo "2042"]
[BlackElo "2293"]
[PlyCount "80"]
[EventDate "2018.01.02"]
[EventType "swiss"]
[EventRounds "11"]
[EventCountry "AUS"]
[SourceTitle "CBM 182 Extra"]
[Source "ChessBase"]
[SourceDate "2018.02.23"]
[SourceVersion "1"]
[SourceVersionDate "2018.02.23"]
[SourceQuality "1"]

1. d4 Nf6 2. c4 e6 3. Nf3 Bb4+ 4. Bd2 a5 5. g3 d6 6. Bg2 Nbd7 7. 0-0 e5 8. e3 c6 9. Bc1 e4 10. Ng5 d5 11. c5 a4 12. a3 Ba5 13. Qxa4 h6 14. Nh3 Nf8 15. b4 Bxh3 16. Bxh3 Bc7 17. Qb3 g5 18. b5 g4 19. Bg2 Qd7 20. b6 Bb8 21. a4 N8h7 22. Nd2 Ng5 23. Rd1 h5 24. Kf1 h4 25. Ke2 Qf5 26. Bb2 hxg3 27. hxg3 Rh2 28. Rg1 Nh3 29. Raf1 Nxg1+ 30. Rxg1 Nh7 31. Ke1 Ng5 32. Nf1 Nh3 33. Qc2 Nxg1 34. Nxh2 Nf3+ 35. Bxf3 gxf3 36. Nf1 Qh3 37. Bc3 Ke7 38. a5 Kf6 39. Qd2 Kg5 40. Qd1 Qg2 0-1

[Event "AUS-ch"]
[Site "Cammeray"]
[Date "2018.01.09"]
[Round "8"]
[White "Huynh, Arthur"]
[Black "O'Chee, Kevin"]
[Result "1/2-1/2"]
[WhiteElo "2042"]
[BlackElo "2120"]
[PlyCount "156"]
[EventDate "2018.01.02"]
[EventType "swiss"]
[EventRounds "11"]
[EventCountry "AUS"]
[SourceTitle "CBM 182 Extra"]
[Source "ChessBase"]
[SourceDate "2018.02.23"]
[SourceVersion "1"]
[SourceVersionDate "2018.02.23"]
[SourceQuality "1"]

1. c4 Nf6 2. Nc3 g6 3. d4 Bg7 4. e4 d6 5. Nf3 0-0 6. Be2 e5 7. 0-0 Nc6 8. d5 Ne7 9. Ne1 Nd7 10. Be3 f5 11. f3 f4 12. Bf2 g5 13. Rc1 Rf6 14. Nb5 b6 15. b4 a6 16. Nc3 Rh6 17. Nd3 Nf6 18. c5 Qe8 19. g4 fxg3 20. Bxg3 Nh5 21. Kf2 Nxg3 22. hxg3 Rh2+ 23. Ke1 Rg2 24. cxd6 cxd6 25. g4 Rh2 26. Kd2 Bd7 27. Rh1 Rxh1 28. Qxh1 Rc8 29. Nb1 h6 30. Qg1 Qd8 31. Rxc8 Nxc8 32. Nc1 b5 33. Nb3 Nb6 34. Na5 Qc7 35. Qc1 Qxc1+ 36. Kxc1 Bf6 37. Nc3 Kf7 38. Kb2 Bd8 39. a4 Nxa4+ 40. Nxa4 bxa4 41. Bxa6 Bb6 42. Nc4 Bd4+ 43. Ka3 Ke7 44. b5 Kd8 45. Kxa4 Kc7 46. Kb3 Be8 47. Kc2 h5 48. gxh5 Bxh5 49. b6+ Bxb6 50. Nxb6 Kxb6 51. Be2 Kc5 52. Kc3 Bg6 53. Bd3 Be8 54. Be2 Ba4 55. Bf1 Bd1 56. Bg2 Be2 57. Kd2 Ba6 58. Kc3 Bc8 59. Bf1 Bd7 60. Bd3 Be8 61. Ba6 Bh5 62. Be2 Be8 63. Bf1 Bd7 64. Be2 Bh3 65. Kd3 Kb4 66. Ke3 Kc3 67. Bb5 Bc8 68. Be8 Ba6 69. Bf7 Bc8 70. Kf2 Kd2 71. Be6 Ba6 72. Bf5 Bb5 73. Be6 Ba6 74. Bf5 Kd3 75. Be6 Kc4 76. Ke3 Kc3 77. Kf2 Kd2 78. Bf5 Be2 1/2-1/2

[Event "Oceania zt"]
[Site "Cammeray"]
[Date "2015.07.07"]
[Round "5"]
[White "Huynh, Arthur"]
[Black "Abbott, Peter"]
[Result "1/2-1/2"]
[WhiteElo "2045"]
[BlackElo "1887"]
[PlyCount "98"]
[EventDate "2015.07.04"]
[EventType "swiss"]
[EventRounds "9"]
[EventCountry "AUS"]
[SourceTitle "CBM 167 Extra"]
[Source "ChessBase"]
[SourceDate "2015.09.14"]
[SourceVersion "1"]
[SourceVersionDate "2015.09.14"]
[SourceQuality "1"]

1. d4 Nf6 2. c4 e5 3. dxe5 Ng4 4. Bf4 Nc6 5. Nf3 Bb4+ 6. Nc3 Bxc3+ 7. bxc3 Qe7 8. Qd5 f6 9. exf6 Nxf6 10. Qd3 d6 11. g3 0-0 12. Bg2 Bg4 13. 0-0 Rae8 14. Rab1 Na5 15. Rfe1 Kh8 16. Nd4 Nd7 17. Qc2 Nc5 18. Rb4 Qf7 19. Bd5 Qf6 20. Qc1 c6 21. Bg2 Bh5 22. Be3 Qf7 23. Nb3 Nxc4 24. Bf4 a5 25. Rxc4 Qxc4 26. Bxd6 Nxb3 27. axb3 Qxb3 28. Bxf8 Rxf8 29. e4 a4 30. e5 Bg6 31. c4 a3 32. Be4 Bxe4 33. Rxe4 Qf3 34. Qc2 Qf5 35. Rf4 Qc8 36. Re4 Qa8 37. Re2 b5 38. cxb5 cxb5 39. e6 b4 40. f4 Re8 41. Qb3 Qa6 42. Kf2 h6 43. f5 Qb6+ 44. Kg2 Qb5 45. Rf2 Qc6+ 46. Kh3 Ra8 47. Ra2 Qc5 48. Qd3 Rc8 49. Re2 Re8 1/2-1/2

[Event "Oceania zt"]
[Site "Cammeray"]
[Date "2015.07.07"]
[Round "6"]
[White "Tsagarakis, Angelo"]
[Black "Huynh, Arthur"]
[Result "1-0"]
[WhiteElo "1863"]
[BlackElo "2045"]
[PlyCount "73"]
[EventDate "2015.07.04"]
[EventType "swiss"]
[EventRounds "9"]
[EventCountry "AUS"]
[SourceTitle "CBM 167 Extra"]
[Source "ChessBase"]
[SourceDate "2015.09.14"]
[SourceVersion "1"]
[SourceVersionDate "2015.09.14"]
[SourceQuality "1"]

1. e4 e5 2. Nc3 Nf6 3. Nf3 Nc6 4. Bc4 Bc5 5. 0-0 d6 6. h3 Be6 7. Bb3 Nd4 8. d3 Nxb3 9. axb3 0-0 10. Na4 Bb4 11. c3 Ba5 12. b4 Bb6 13. Nxb6 axb6 14. Bg5 Qe7 15. Qd2 Bd7 16. c4 Qe6 17. Qc3 c5 18. Ra3 h6 19. Be3 g5 20. Rfa1 Rab8 21. Nh2 Nh5 22. bxc5 bxc5 23. b4 cxb4 24. Qxb4 Bc6 25. Ba7 Rbc8 26. f3 Nf4 27. d4 exd4 28. Rd1 Bd7 29. c5 d5 30. Re1 dxe4 31. Qxd4 Bc6 32. fxe4 Rfd8 33. Qe3 Re8 34. Ng4 Kg7 35. Qc3+ Kg6 36. Bb6 Bxe4 37. Rxe4 1-0

[Event "Oceania zt"]
[Site "Cammeray"]
[Date "2015.07.05"]
[Round "3"]
[White "Huynh, Arthur"]
[Black "Qin, Tomson"]
[Result "1-0"]
[WhiteElo "2045"]
[BlackElo "1637"]
[PlyCount "57"]
[EventDate "2015.07.04"]
[EventType "swiss"]
[EventRounds "9"]
[EventCountry "AUS"]
[SourceTitle "CBM 167 Extra"]
[Source "ChessBase"]
[SourceDate "2015.09.14"]
[SourceVersion "1"]
[SourceVersionDate "2015.09.14"]
[SourceQuality "1"]

1. d4 Nf6 2. c4 c5 3. d5 b5 4. cxb5 a6 5. bxa6 g6 6. Nc3 Bxa6 7. e4 Bxf1 8. Kxf1 d6 9. Nf3 Bg7 10. g3 0-0 11. Kg2 Qa5 12. Re1 Nbd7 13. h3 Rfb8 14. e5 dxe5 15. Nxe5 Nxe5 16. Rxe5 Qc7 17. Qe2 Kf8 18. Bf4 Qb7 19. Re1 Ng8 20. Re4 Rd8 21. Be5 f6 22. Qf3 Ra6 23. d6 Qc6 24. Nd5 Qd7 25. dxe7+ Nxe7 26. Nxf6 Qf5 27. Rf4 Qe6 28. Nh5+ Kg8 29. Bxg7 1-0

[Event "New South Wales op"]
[Site "Sydney"]
[Date "2015.06.08"]
[Round "6"]
[White "Huynh, Arthur"]
[Black "Smirnov, Anton"]
[Result "0-1"]
[WhiteElo "2030"]
[BlackElo "2428"]
[PlyCount "88"]
[EventDate "2015.06.06"]
[EventType "swiss"]
[EventRounds "7"]
[EventCountry "AUS"]
[SourceTitle "CBM 166 Extra"]
[Source "ChessBase"]
[SourceDate "2015.06.18"]
[SourceVersion "1"]
[SourceVersionDate "2015.06.18"]
[SourceQuality "1"]

1. d4 Nf6 2. c4 g6 3. Nc3 d5 4. cxd5 Nxd5 5. e3 Bg7 6. Nxd5 Qxd5 7. Ne2 0-0 8. Nc3 Qd8 9. Be2 c5 10. d5 e6 11. e4 a6 12. Be3 Nd7 13. dxe6 fxe6 14. Qb3 Qe7 15. a4 b6 16. 0-0 Bb7 17. f3 Bd4 18. Bf2 Kg7 19. Bc4 Rae8 20. Rad1 e5 21. Bd5 Bc8 22. Bc4 Bb7 23. Bd5 Bc8 24. Bc4 Qd6 25. Bd5 Nf6 26. Rd2 Bd7 27. Bc4 Ra8 28. Nd5 b5 29. axb5 axb5 30. Be2 Nxd5 31. Qxd5 Qxd5 32. exd5 Ra2 33. Bd3 Rc8 34. Bxd4 exd4 35. Bb1 Ra4 36. Re1 Re8 37. Rxe8 Bxe8 38. Kf2 Kf6 39. Re2 Bd7 40. Rd2 Ke5 41. Be4 c4 42. g4 b4 43. Ke2 Bb5 44. Rd1 Ra2 0-1

[Event "New South Wales op"]
[Site "Sydney"]
[Date "2015.06.07"]
[Round "5"]
[White "Bierkens, Pieter"]
[Black "Huynh, Arthur"]
[Result "0-1"]
[WhiteElo "2136"]
[BlackElo "2030"]
[PlyCount "90"]
[EventDate "2015.06.06"]
[EventType "swiss"]
[EventRounds "7"]
[EventCountry "AUS"]
[SourceTitle "CBM 166 Extra"]
[Source "ChessBase"]
[SourceDate "2015.06.18"]
[SourceVersion "1"]
[SourceVersionDate "2015.06.18"]
[SourceQuality "1"]

1. e4 e5 2. Nf3 Nc6 3. Bb5 Nf6 4. d3 Bc5 5. 0-0 Nd4 6. Nxd4 Bxd4 7. c3 Bb6 8. Bg5 0-0 9. Nd2 c6 10. Ba4 d5 11. h3 Qd6 12. Bc2 Nd7 13. Kh1 f6 14. Bh4 Nc5 15. Bg3 Qd8 16. b4 Ne6 17. Bb3 Kh8 18. exd5 cxd5 19. Qf3 Nc7 20. Qh5 Be6 21. a4 a5 22. b5 Bf7 23. Qe2 Ne6 24. Rae1 Rc8 25. Nb1 Nc5 26. Bc2 Re8 27. h4 Qd7 28. Qf3 Be6 29. Qe2 Bf5 30. f3 d4 31. c4 Qf7 32. Rd1 Qg6 33. Bf2 h5 34. Rg1 Rc7 35. g4 hxg4 36. fxg4 Bc8 37. g5 f5 38. Rg2 Rce7 39. h5 Qd6 40. g6 Ne6 41. Rh2 Nf4 42. Qf3 e4 43. Qg3 e3 44. Be1 Bc7 45. c5 Qd5+ 0-1

[Event "Sydney op"]
[Site "Sydney"]
[Date "2014.04.23"]
[Round "1"]
[White "Vajda, Levente"]
[Black "Huynh, Arthur"]
[Result "1-0"]
[WhiteElo "2597"]
[BlackElo "2085"]
[PlyCount "37"]
[EventDate "2014.04.23"]
[EventType "swiss"]
[EventRounds "9"]
[EventCountry "AUS"]
[SourceTitle "CBM 160 Extra"]
[Source "ChessBase"]
[SourceDate "2014.07.01"]
[SourceVersion "1"]
[SourceVersionDate "2014.07.01"]
[SourceQuality "1"]

1. e4 e5 2. Nf3 Nc6 3. Bc4 Bc5 4. c3 Nf6 5. d3 d6 6. b4 Bb6 7. a4 a5 8. b5 Ne7 9. 0-0 0-0 10. Nbd2 Ng6 11. Qb3 Qe7 12. d4 exd4 13. cxd4 Nxe4 14. Re1 Nxd2 15. Bxd2 Qf6 16. Bg5 Qf5 17. h4 Qg4 18. Rad1 Bd7 19. Nh2 1-0

[Event "AUS-ch Major"]
[Site "Cammeray"]
[Date "2010.01.10"]
[Round "8"]
[White "Huynh, Arthur"]
[Black "Chen, Pengyu"]
[Result "1-0"]
[WhiteElo "1881"]
[BlackElo "1721"]
[PlyCount "71"]
[EventDate "2010.01.02"]
[EventType "swiss"]
[EventRounds "11"]
[EventCountry "AUS"]
[SourceTitle "EXT 2011"]
[Source "ChessBase"]
[SourceDate "2010.11.26"]
[SourceVersion "1"]
[SourceVersionDate "2010.11.26"]
[SourceQuality "1"]

1. d4 f5 2. Nf3 Nf6 3. c4 d6 4. Nc3 g6 5. e3 Bg7 6. Bd3 0-0 7. 0-0 Nc6 8. d5 Ne5 9. Nxe5 dxe5 10. e4 f4 11. f3 g5 12. Bd2 a6 13. Qb3 Qe8 14. Rad1 Kh8 15. Na4 b6 16. c5 b5 17. Nc3 Qh5 18. Ne2 Rg8 19. a4 bxa4 20. Qxa4 g4 21. Rf2 Bh6 22. Kf1 Qxh2 23. Ng1 gxf3 24. Nxf3 Qh5 25. Qc6 Bd7 26. Qxc7 Rac8 27. Qxe5 Qxe5 28. Nxe5 Rgf8 29. Nxd7 Nxd7 30. Bc3+ Bg7 31. c6 Nc5 32. Bxg7+ Kxg7 33. b4 Nxd3 34. Rxd3 Rfd8 35. Ke2 e5 36. Ra3 1-0

[Event "AUS-ch Major"]
[Site "Cammeray"]
[Date "2010.01.06"]
[Round "4"]
[White "Huynh, Arthur"]
[Black "Hu, Jason"]
[Result "0-1"]
[WhiteElo "1881"]
[BlackElo "2113"]
[PlyCount "42"]
[EventDate "2010.01.02"]
[EventType "swiss"]
[EventRounds "11"]
[EventCountry "AUS"]
[SourceTitle "EXT 2011"]
[Source "ChessBase"]
[SourceDate "2010.11.26"]
[SourceVersion "1"]
[SourceVersionDate "2010.11.26"]
[SourceQuality "1"]

1. d4 d5 2. c4 c6 3. Nc3 e6 4. e3 f5 5. Nf3 Bd6 6. Be2 Nf6 7. 0-0 0-0 8. b3 Ne4 9. Bb2 Rf6 10. Rc1 Rh6 11. h3 g5 12. Nxe4 dxe4 13. Ne5 g4 14. Bxg4 Qg5 15. f4 exf3 16. Qxf3 Nd7 17. e4 Nxe5 18. dxe5 Bc5+ 19. Kh2 Qxg4 20. exf5 Qxf3 21. Rxf3 exf5 0-1

[Event "Adelaide Checkmate op"]
[Site "Adelaide"]
[Date "2007.07.07"]
[Round "1"]
[White "Huynh, Arthur"]
[Black "Stojic, Dusan"]
[Result "0-1"]
[WhiteElo "1833"]
[BlackElo "2169"]
[PlyCount "56"]
[EventDate "2007.07.07"]
[EventType "swiss"]
[EventRounds "7"]
[EventCountry "AUS"]
[SourceTitle "EXT 2010"]
[Source "ChessBase"]
[SourceDate "2010.11.25"]
[SourceVersion "1"]
[SourceVersionDate "2010.11.25"]
[SourceQuality "1"]

1. d4 Nf6 2. Nf3 g6 3. c4 Bg7 4. Nc3 c5 5. d5 0-0 6. e4 d6 7. Be2 e6 8. 0-0 exd5 9. cxd5 Re8 10. Qc2 Na6 11. Bxa6 bxa6 12. h3 Nh5 13. g4 Nf6 14. Bf4 h5 15. g5 Bxh3 16. gxf6 Qxf6 17. Qd2 Bh6 18. Bxh6 Qxf3 19. Qg5 Kh7 20. Kh2 f6 21. Qg3 Qxg3+ 22. fxg3 Bxf1 23. Rxf1 Kxh6 24. Rxf6 Rad8 25. Rf7 Rf8 26. Rxa7 Rf2+ 27. Kg1 Rdf8 28. Rxa6 Rf1+ 0-1

[Event "Adelaide Checkmate op"]
[Site "Adelaide"]
[Date "2007.07.07"]
[Round "2"]
[White "Morris, James"]
[Black "Huynh, Arthur"]
[Result "1-0"]
[WhiteElo "2035"]
[BlackElo "1833"]
[PlyCount "125"]
[EventDate "2007.07.07"]
[EventType "swiss"]
[EventRounds "7"]
[EventCountry "AUS"]
[SourceTitle "EXT 2010"]
[Source "ChessBase"]
[SourceDate "2010.11.25"]
[SourceVersion "1"]
[SourceVersionDate "2010.11.25"]
[SourceQuality "1"]

1. d4 Nf6 2. c4 e6 3. Nf3 b6 4. a3 Bb7 5. Nc3 c5 6. e3 Be7 7. Bd3 0-0 8. 0-0 d5 9. cxd5 exd5 10. dxc5 bxc5 11. b3 Nc6 12. Bb2 Qd7 13. Qc2 g6 14. Na4 Ne4 15. Bxe4 dxe4 16. Nd2 Qd3 17. Rfc1 Qxc2 18. Rxc2 Na5 19. Nxc5 Rac8 20. Rac1 Bxc5 21. Rxc5 Rxc5 22. Rxc5 Rd8 23. Bc3 Nxb3 24. Rb5 Nxd2 25. Rxb7 Nc4 26. Bd4 Nxa3 27. Rxa7 Nb5 28. Ra4 Nxd4 29. exd4 f5 30. Kf1 Kf7 31. Ke2 Ke6 32. Ke3 Rd7 33. Ra6+ Kd5 34. Ra5+ Ke6 35. g4 Rc7 36. gxf5+ gxf5 37. Re5+ Kf6 38. Kf4 Rc2 39. Rxf5+ Ke6 40. Re5+ Kd6 41. Ke3 Rc3+ 42. Kxe4 Rh3 43. f4 Rxh2 44. Rd5+ Ke6 45. Ra5 h5 46. Re5+ Kd6 47. f5 h4 48. f6 Rf2 49. Rf5 Re2+ 50. Kf3 Re8 51. d5 Rg8 52. Kf4 h3 53. Rh5 Rf8 54. Kf5 Kxd5 55. Rxh3 Kd6 56. Rd3+ Kc7 57. Kg6 Rg8+ 58. Kf7 Rg1 59. Kf8 Rf1 60. f7 Rf4 61. Rg3 Kd7 62. Kg7 Ke7 63. Re3+ 1-0

[Event "Sydney op"]
[Site "Parramatta"]
[Date "2007.04.14"]
[Round "9"]
[White "Huynh, Arthur"]
[Black "Chan, Jason"]
[Result "0-1"]
[WhiteElo "1879"]
[BlackElo "2099"]
[PlyCount "54"]
[EventDate "2007.04.10"]
[EventType "swiss"]
[EventRounds "9"]
[EventCountry "AUS"]
[SourceTitle "EXT 2023"]
[Source "ChessBase"]
[SourceDate "2022.10.05"]
[SourceVersion "1"]
[SourceVersionDate "2022.10.05"]
[SourceQuality "1"]

1. d4 Nf6 2. Nf3 g6 3. c4 Bg7 4. Nc3 0-0 5. Bg5 h6 6. Bh4 d6 7. e3 Nbd7 8. Be2 e5 9. Qc2 exd4 10. exd4 Re8 11. 0-0 Nf8 12. Rfe1 Bf5 13. Qb3 Qd7 14. Bxf6 Bxf6 15. Nd5 Bg7 16. Qxb7 Ne6 17. Rad1 Reb8 18. Qa6 Rxb2 19. Bd3 Bg4 20. Be4 Rab8 21. Qxa7 f5 22. Ne7+ Kh7 23. Bd5 Nf4 24. Nc6 Re8 25. Qa3 Rb6 26. Rxe8 Qxe8 27. Re1 Bxf3 0-1

[Event "New South Wales Junior Masters"]
[Site "Sydney"]
[Date "2003.04.25"]
[Round "5"]
[White "Varela, Peter"]
[Black "Huynh, Arthur"]
[Result "1/2-1/2"]
[WhiteElo "1717"]
[BlackElo "1564"]
[PlyCount "71"]
[EventDate "2003.04.??"]
[EventType "tourn"]
[EventRounds "9"]
[EventCountry "AUS"]
[SourceTitle "EXT 2005"]
[Source "ChessBase"]
[SourceDate "2004.11.15"]
[SourceVersion "1"]
[SourceVersionDate "2004.11.15"]
[SourceQuality "1"]

1. e4 c5 2. Nf3 d6 3. d4 cxd4 4. Nxd4 Nf6 5. Nc3 a6 6. Bg5 e6 7. Qd2 Be7 8. 0-0-0 Qc7 9. Nb3 b5 10. Bxf6 gxf6 11. a3 Nd7 12. f4 Bb7 13. Be2 Rc8 14. Kb1 Nb6 15. f5 Nc4 16. Bxc4 Qxc4 17. Na5 Qc7 18. Nxb7 Qxb7 19. Rhf1 h5 20. g3 a5 21. Qe2 b4 22. Qb5+ Qxb5 23. Nxb5 bxa3 24. bxa3 Rb8 25. a4 Kd7 26. c4 Rhc8 27. Rc1 Rc5 28. Kb2 Re5 29. Rf4 Rc8 30. Kb3 d5 31. exd5 exd5 32. Rd1 Re3+ 33. Kc2 Re2+ 34. Kb3 Re3+ 35. Kc2 Re2+ 36. Kb3 1/2-1/2

[Event "New South Wales Junior Masters"]
[Site "Sydney"]
[Date "2003.04.24"]
[Round "3"]
[White "Huynh, Arthur"]
[Black "Hu, Jason"]
[Result "0-1"]
[WhiteElo "1564"]
[BlackElo "1463"]
[PlyCount "142"]
[EventDate "2003.04.??"]
[EventType "tourn"]
[EventRounds "9"]
[EventCountry "AUS"]
[SourceTitle "EXT 2005"]
[Source "ChessBase"]
[SourceDate "2004.11.15"]
[SourceVersion "1"]
[SourceVersionDate "2004.11.15"]
[SourceQuality "1"]

1. d4 d5 2. c4 c6 3. Nc3 Nf6 4. Bg5 e6 5. e3 Bd6 6. Nf3 0-0 7. Bd3 h6 8. Bh4 dxc4 9. Bxc4 Nbd7 10. 0-0 Qa5 11. a3 Qh5 12. Be2 g5 13. Bg3 Bxg3 14. fxg3 Qg6 15. Bd3 Qh5 16. Be2 Qg6 17. b4 Nd5 18. Qd2 f5 19. Bd3 g4 20. Nxd5 cxd5 21. Nh4 Qg7 22. Rac1 Nb6 23. Rc2 Bd7 24. Rc7 Qg5 25. Rxb7 Rfc8 26. b5 Rab8 27. Rxa7 Nc4 28. Bxc4 dxc4 29. Rxd7 Rxb5 30. Rc1 Rb3 31. Rc3 Rxc3 32. Qxc3 Rb8 33. Qc1 Rc8 34. Rb7 c3 35. Rb5 Kg7 36. Rc5 Rxc5 37. dxc5 Qf6 38. Kf2 Qe5 39. Ke2 Qxc5 40. Kd3 Kf7 41. Qxc3 Qd5+ 42. Ke2 Qa2+ 43. Qd2 Qxa3 44. Qd7+ Kf6 45. Qd4+ Kf7 46. Kd2 Qa2+ 47. Kc3 Qa3+ 48. Kc4 Qa6+ 49. Kb4 Qb7+ 50. Ka5 Qa8+ 51. Kb6 Qb8+ 52. Ka6 Qc8+ 53. Kb6 Qb8+ 54. Kc6 Qc8+ 55. Kd6 Qd8+ 56. Kc6 Qc8+ 57. Kb5 Qe8+ 58. Kc4 Qa4+ 59. Kd3 Qb3+ 60. Qc3 Qd1+ 61. Kc4 Qa4+ 62. Kc5 Qa7+ 63. Kd6 Qe7+ 64. Kc6 Qe8+ 65. Kb7 Qb5+ 66. Kc7 Qa6 67. Qc6 Qa5+ 68. Kc8 Qa3 69. Qd7+ Kf6 70. Qd4+ Kf7 71. Qc5 Qxc5+ 0-1

[Event "New South Wales Junior Masters"]
[Site "Sydney"]
[Date "2003.04.23"]
[Round "1"]
[White "Huynh, Arthur"]
[Black "Suttor, Vincent"]
[Result "1/2-1/2"]
[WhiteElo "1564"]
[BlackElo "1740"]
[PlyCount "41"]
[EventDate "2003.04.??"]
[EventType "tourn"]
[EventRounds "9"]
[EventCountry "AUS"]
[SourceTitle "EXT 2005"]
[Source "ChessBase"]
[SourceDate "2004.11.15"]
[SourceVersion "1"]
[SourceVersionDate "2004.11.15"]
[SourceQuality "1"]

1. d4 Nf6 2. c4 g6 3. Nc3 Bg7 4. e4 d6 5. f3 0-0 6. Be3 Nc6 7. Qd2 Rb8 8. d5 Ne5 9. Bxa7 Ra8 10. Be3 c5 11. Be2 h5 12. h3 Nh7 13. f4 Nd7 14. g4 hxg4 15. hxg4 Qa5 16. Nh3 Nb6 17. Nd1 Qa4 18. Qd3 Re8 19. Nc3 Qd7 20. Nf2 Na4 21. Nfd1 1/2-1/2

[Event "Doeberl Cup Minor 41st"]
[Site "Canberra"]
[Date "2003.04.20"]
[Round "5.4"]
[White "Sike, Paul"]
[Black "Huynh, Arthur"]
[Result "0-1"]
[WhiteElo "1375"]
[BlackElo "1564"]
[PlyCount "88"]
[EventDate "2003.04.18"]
[EventType "swiss"]
[EventRounds "7"]
[EventCountry "AUS"]
[SourceTitle "EXT 2006"]
[Source "ChessBase"]
[SourceDate "2005.11.24"]
[SourceVersion "1"]
[SourceVersionDate "2005.11.24"]
[SourceQuality "1"]

1. d4 d5 2. Nf3 Nf6 3. Nbd2 Bf5 4. e3 e6 5. Nh4 Bg4 6. Be2 Bxe2 7. Qxe2 c6 8. Nhf3 Nbd7 9. 0-0 Bd6 10. b3 Qc7 11. Bb2 0-0 12. c4 Rac8 13. c5 Be7 14. b4 Rfe8 15. a4 b6 16. Rfc1 bxc5 17. bxc5 Rb8 18. Bc3 Rb7 19. a5 Reb8 20. a6 Rb5 21. Nb1 Ne4 22. Be1 Rb2 23. Nfd2 e5 24. Qd1 Ndf6 25. Nxe4 Nxe4 26. f3 Nf6 27. Bc3 R2b5 28. dxe5 Nd7 29. f4 Bxc5 30. Bd4 Qb6 31. Nc3 Bxd4 32. exd4 Rb4 33. Na4 Qb5 34. Nc5 Nb6 35. Rcb1 Nc4 36. Rxb4 Qxb4 37. Nb7 Nb2 38. Rb1 Qc3 39. Qc1 Qxd4+ 40. Kh1 Nd3 41. Qxc6 Nf2+ 42. Kg1 Nh3+ 43. Kh1 Qg1+ 44. Rxg1 Nf2# 0-1